000
00296nam a22001337a 4500
008
181005b xxu||||| |||| 00| 0 eng d
020
_a
9780201196061
041
_a
eng
080
_a
941
100
_a
16
101
_a
HIS
245
_a
Jhy Hnad Great Anarch
_c
Chauduri.N.C
942
_2
udc
_c
BK
999
_c
48881
_d
48881